Countries having reached the last 16 of the World Cup or top16. - Statistiques

Statistiques générales
  • Ce quiz a été pris 30 fois
  • Le résultat moyen est 225 sur 346
Statistiques - réponses
Année Pays Place % Correct
1930 France Top 8
100%
1934 France Top 9-16
100%
1938 France Top 5-8
100%
1954 France Top 9-16
100%
1958 France 3rd
100%
1966 France Top 9-16
100%
1978 France Top 9-16
100%
1982 France Top 4
100%
1986 France 3rd
100%
1998 France Winner
100%
2006 France Runner-up
100%
2014 France Top 5-8
100%
2018 France Winner
100%
2022 France Runner-up
100%
1930 Argentina Runner-up
89%
1934 Argentina Top 9-16
89%
1958 Argentina Top 9-16
89%
1962 Argentina Top 9-16
89%
1966 Argentina Top 5-8
89%
1974 Argentina Top 5-8
89%
1978 Argentina Winner
89%
1982 Argentina Top 5-12
89%
1986 Argentina Winner
89%
1990 Argentina Runner-up
89%
1994 Argentina Top 9-16
89%
1998 Argentina Top 5-8
89%
2006 Argentina Top 5-8
89%
2010 Argentina Top 5-8
89%
2014 Argentina Runner-up
89%
2018 Argentina Top 9-16
89%
2022 Argentina Winner
89%
1934 Spain Top 5-8
89%
1950 Spain Top 4
89%
1962 Spain Top 9-16
89%
1966 Spain Top 9-16
89%
1978 Spain Top 9-16
89%
1982 Spain Top 5-12
89%
1986 Spain Top 5-8
89%
1990 Spain Top 9-16
89%
1994 Spain Top 5-8
89%
2002 Spain Top 5-8
89%
2006 Spain Top 9-16
89%
2010 Spain Winner
89%
2018 Spain Top 9-16
89%
2022 Spain Top 9-16
89%
1930 Uruguay Winner
89%
1950 Uruguay Winner
89%
1954 Uruguay Top 4
89%
1962 Uruguay Top 9-16
89%
1966 Uruguay Top 5-8
89%
1970 Uruguay Top 4
89%
1974 Uruguay Top 9-16
89%
1986 Uruguay Top 9-16
89%
1990 Uruguay Top 9-16
89%
2010 Uruguay 3rd
89%
2014 Uruguay Top 9-16
89%
2018 Uruguay Top 5-8
89%
1934 Germany 3rd
85%
1938 Germany Top 9-16
85%
1994 Germany Top 5-8
85%
1998 Germany Top 5-8
85%
2002 Germany Runner-up
85%
2006 Germany 3rd
85%
2010 Germany Top 4
85%
2014 Germany Winner
85%
2018 Russia Top 5-8
85%
1930 Brazil Top 8
81%
1934 Brazil Top 9-16
81%
1938 Brazil 3rd
81%
1950 Brazil Runner-up
81%
1954 Brazil Top 5-8
81%
1958 Brazil Winner
81%
1962 Brazil Winner
81%
1966 Brazil Top 9-16
81%
1970 Brazil Winner
81%
1974 Brazil Top 4
81%
1978 Brazil 3rd
81%
1982 Brazil Top 5-12
81%
1986 Brazil Top 5-8
81%
1990 Brazil Top 9-16
81%
1994 Brazil Winner
81%
1998 Brazil Runner-up
81%
2002 Brazil Winner
81%
2006 Brazil Top 5-8
81%
2010 Brazil Top 5-8
81%
2014 Brazil Top 4
81%
2018 Brazil Top 5-8
81%
2022 Brazil Top 5-8
81%
1966 Portugal 3rd
81%
2006 Portugal Top 4
81%
2010 Portugal Top 9-16
81%
2018 Portugal Top 9-16
81%
2022 Portugal Top 5-8
81%
1982 Algeria Top 13-16
78%
2014 Algeria Top 9-16
78%
1934 Italy Winner
78%
1938 Italy Winner
78%
1950 Italy Top 5-16
78%
1954 Italy Top 9-16
78%
1962 Italy Top 9-16
78%
1966 Italy Top 9-16
78%
1970 Italy Runner-up
78%
1974 Italy Top 9-16
78%
1978 Italy Top 4
78%
1982 Italy Winner
78%
1986 Italy Top 9-16
78%
1990 Italy 3rd
78%
1994 Italy Runner-up
78%
1998 Italy Top 5-8
78%
2002 Italy Top 9-16
78%
2006 Italy Winner
78%
1970 Morocco Top 9-16
78%
1986 Morocco Top 9-16
78%
2022 Morocco Top 4
78%
1998 Croatia 3rd
74%
2018 Croatia Runner-up
74%
2022 Croatia 3rd
74%
2002 Japan Top 9-16
74%
2010 Japan Top 9-16
74%
2018 Japan Top 9-16
74%
2022 Japan Top 9-16
74%
1930 Belgium Top 13
70%
1934 Belgium Top 9-16
70%
1938 Belgium Top 9-16
70%
1954 Belgium Top 9-16
70%
1970 Belgium Top 9-16
70%
1982 Belgium Top 5-12
70%
1986 Belgium Top 4
70%
1990 Belgium Top 9-16
70%
1994 Belgium Top 9-16
70%
2002 Belgium Top 9-16
70%
2014 Belgium Top 5-8
70%
2018 Belgium 3rd
70%
1950 England Top 5-16
70%
1954 England Top 5-8
70%
1958 England Top 9-16
70%
1962 England Top 5-8
70%
1966 England Winner
70%
1970 England Top 5-8
70%
1982 England Top 5-12
70%
1986 England Top 5-8
70%
1990 England Top 4
70%
1998 England Top 9-16
70%
2002 England Top 5-8
70%
2006 England Top 5-8
70%
2010 England Top 9-16
70%
2018 England Top 4
70%
2022 England Top 5-8
70%
2006 Ghana Top 9-16
70%
2010 Ghana Top 5-8
70%
1934 Netherlands Top 9-16
70%
1938 Netherlands Top 9-16
70%
1974 Netherlands Runner-up
70%
1978 Netherlands Runner-up
70%
1990 Netherlands Top 9-16
70%
1994 Netherlands Top 5-8
70%
1998 Netherlands Top 4
70%
2006 Netherlands Top 9-16
70%
2010 Netherlands Runner-up
70%
2014 Netherlands 3rd
70%
2022 Netherlands Top 5-8
70%
1938 Poland Top 9-16
70%
1974 Poland 3rd
70%
1978 Poland Top 5-8
70%
1982 Poland 3rd
70%
1986 Poland Top 9-16
70%
2022 Poland Top 9-16
70%
1934 Switzerland Top 5-8
70%
1938 Switzerland Top 5-8
70%
1950 Switzerland Top 5-16
70%
1954 Switzerland Top 5-8
70%
1962 Switzerland Top 9-16
70%
1966 Switzerland Top 9-16
70%
1994 Switzerland Top 9-16
70%
2006 Switzerland Top 9-16
70%
2014 Switzerland Top 9-16
70%
2018 Switzerland Top 9-16
70%
2022 Switzerland Top 9-16
70%
1934 Egypt Top 9-16
67%
1930 Mexico Top 13
67%
1950 Mexico Top 5-16
67%
1954 Mexico Top 9-16
67%
1958 Mexico Top 9-16
67%
1962 Mexico Top 9-16
67%
1966 Mexico Top 9-16
67%
1970 Mexico Top 5-8
67%
1978 Mexico Top 9-16
67%
1986 Mexico Top 5-8
67%
1994 Mexico Top 9-16
67%
1998 Mexico Top 9-16
67%
2002 Mexico Top 9-16
67%
2006 Mexico Top 9-16
67%
2010 Mexico Top 9-16
67%
2014 Mexico Top 9-16
67%
2018 Mexico Top 9-16
67%
1994 Nigeria Top 9-16
67%
1998 Nigeria Top 9-16
67%
2014 Nigeria Top 9-16
67%
1974 Australia Top 9-16
63%
2006 Australia Top 9-16
63%
2022 Australia Top 9-16
63%
1962 Colombia Top 9-16
63%
1990 Colombia Top 9-16
63%
2014 Colombia Top 5-8
63%
2018 Colombia Top 9-16
63%
1930 Paraguay Top 13
63%
1950 Paraguay Top 5-16
63%
1958 Paraguay Top 9-16
63%
1986 Paraguay Top 9-16
63%
1998 Paraguay Top 9-16
63%
2002 Paraguay Top 9-16
63%
2010 Paraguay Top 5-8
63%
2014 Greece Top 9-16
59%
1930 Peru Top 13
59%
1970 Peru Top 5-8
59%
1978 Peru Top 5-8
59%
2002 Senegal Top 5-8
59%
2022 Senegal Top 9-16
59%
1954 South Korea Top 9-16
59%
2002 South Korea Top 4
59%
2010 South Korea Top 9-16
59%
2022 South Korea Top 9-16
59%
1934 Sweden Top 5-8
59%
1938 Sweden Top 4
59%
1950 Sweden 3rd
59%
1958 Sweden Runner-up
59%
1970 Sweden Top 9-16
59%
1974 Sweden Top 5-8
59%
1978 Sweden Top 9-16
59%
1994 Sweden 3rd
59%
2002 Sweden Top 9-16
59%
2006 Sweden Top 9-16
59%
2018 Sweden Top 5-8
59%
1954 Turkey Top 9-16
59%
2002 Turkey 3rd
59%
1930 United States Top 4
59%
1934 United States Top 9-16
59%
1950 United States Top 5-16
59%
1994 United States Top 9-16
59%
2002 United States Top 5-8
59%
2010 United States Top 9-16
59%
2014 United States Top 9-16
59%
2022 United States Top 9-16
59%
1934 Austria Top 4
56%
1938 Austria Top 9-16
56%
1954 Austria 3rd
56%
1958 Austria Top 9-16
56%
1978 Austria Top 5-8
56%
1982 Austria Top 5-12
56%
1930 Bolivia Top 13
56%
1950 Bolivia Top 5-13
56%
1934 Hungary Top 5-8
56%
1938 Hungary Runner-up
56%
1954 Hungary Runner-up
56%
1958 Hungary Top 9-16
56%
1962 Hungary Top 5-8
56%
1966 Hungary Top 5-8
56%
1978 Hungary Top 9-16
56%
1982 Hungary Top 13-16
56%
1978 Iran Top 9-16
56%
1978 Tunisia Top 9-16
56%
1962 Bulgaria Top 9-16
52%
1966 Bulgaria Top 9-16
52%
1970 Bulgaria Top 9-16
52%
1974 Bulgaria Top 9-16
52%
1986 Bulgaria Top 9-16
52%
1994 Bulgaria Top 4
52%
1990 Cameroon Top 5-8
52%
1930 Chile Top 8
52%
1950 Chile Top 5-16
52%
1962 Chile 3rd
52%
1966 Chile Top 9-16
52%
1974 Chile Top 9-16
52%
1998 Chile Top 9-16
52%
2010 Chile Top 9-16
52%
2014 Chile Top 9-16
52%
1990 Costa Rica Top 9-16
52%
2014 Costa Rica Top 5-8
52%
1930 Romania Top 8
52%
1934 Romania Top 9-16
52%
1938 Romania Top 9-16
52%
1970 Romania Top 9-16
52%
1990 Romania Top 9-16
52%
1994 Romania Top 5-8
52%
1998 Romania Top 9-16
52%
1954 Scotland Top 9-16
52%
1958 Scotland Top 9-16
52%
1974 Scotland Top 9-16
52%
1978 Scotland Top 9-16
52%
1982 Scotland Top 13-16
52%
2010 Slovakia Top 9-16
52%
2006 Ukraine Top 5-8
52%
1958 Wales Top 5-8
52%
2006 Ecuador Top 9-16
48%
1938 Norway Top 9-16
48%
1998 Norway Top 9-16
48%
1966 North Korea Top 5-8
41%
1994 Saudi Arabia Top 9-16
41%
1938 Cuba Top 5-8
33%
1954 West Germany Winner
33%
1958 West Germany Top 4
33%
1962 West Germany Top 5-8
33%
1966 West Germany Runner-up
33%
1970 West Germany 3rd
33%
1974 West Germany Winner
33%
1978 West Germany Top 5-8
33%
1982 West Germany Runner-up
33%
1986 West Germany Runner-up
33%
1990 West Germany Winner
33%
1934 Czechoslovakia Runner-up
30%
1938 Czechoslovakia Top 5-8
30%
1954 Czechoslovakia Top 9-16
30%
1958 Czechoslovakia Top 9-16
30%
1962 Czechoslovakia Runner-up
30%
1970 Czechoslovakia Top 9-16
30%
1990 Czechoslovakia Top 5-8
30%
1974 East Germany Top 5-8
30%
1958 Soviet Union Top 5-8
30%
1962 Soviet Union Top 5-8
30%
1966 Soviet Union Top 4
30%
1970 Soviet Union Top 5-8
30%
1982 Soviet Union Top 5-12
30%
1986 Soviet Union Top 9-16
30%
1930 Yugoslavia Top 4
30%
1950 Yugoslavia Top 5-16
30%
1954 Yugoslavia Top 5-8
30%
1958 Yugoslavia Top 5-8
30%
1962 Yugoslavia Top 4
30%
1974 Yugoslavia Top 5-8
30%
1982 Yugoslavia Top 13-16
30%
1990 Yugoslavia Top 5-8
30%
1970 Israel Top 9-16
26%
1986 Danemark Top 9-16
19%
1998 Danemark Top 5-8
19%
2002 Danemark Top 9-16
19%
2018 Danemark Top 9-16
19%
1970 Salvador Top 9-16
19%
1958 North Ireland Top 5-8
15%
1982 North Ireland Top 5-12
15%
1974 Zaire Top 9-16
15%
1938 Dutch East Indies Top 9-16
4%
1974 Haiti Top 9-16
4%
1990 Republic of Ireland Top 5-8
0%
1994 Republic of Ireland Top 9-16
0%
2002 Republic of Ireland Top 9-16
0%
1998 RF Yugoslavia Top 9-16
0%
Aucun quiz correspondant
Distribution des résultats
% des personnes avec chaque résultat
Percentile par nombre de réponses
Votre historique - résultats
Vous n’avez pas pris ce quiz